000 00687cam a22002293a 4500
001 15861
003 PGUSA
005 20140828083335.0
008 050518s2005||||xxu|||||s|||||000 | eng d
040 _aPGUSA
_beng
042 _adc
050 4 _aBT
100 1 _aGoodsell, Daniel A.
_q(Daniel Ayres),
_d1840-1909
245 1 4 _aThe Things Which Remain :
_bAn Address To Young Ministers
_h[electronic resource] /
_cDaniel A. Goodsell
260 _bProject Gutenberg,
_c2005
506 _aPublic domain in the USA.
516 _aElectronic text
653 _aTheology, Doctrinal
830 0 _aProject Gutenberg
_v15861
856 4 0 _uhttp://www.gutenberg.org/ebooks/15861
942 _cEB
999 _c245116
_d245116